Statistics for Chemical signs

Click here to take the quiz!

General Stats

  • This quiz has been taken 17 times
  • The average score is 16 of 24

Answer Stats

SignElement% Correct
AlAluminium
94%
HeHelium
94%
MgMagnesium
94%
UUranium
94%
ZnZinc
94%
IIodine
88%
NNitrogen
88%
SiSilicon
88%
XeXenon
88%
KrKrypton
82%
CoCobalt
76%
TiTitanium
76%
FFluorine
65%
GaGallium
65%
PoPolonium
65%
RnRadon
59%
WTungsten
53%
OsOsmium
47%
VVanadium
47%
BhBohrium
41%
EsEinsteinium
35%
YbYtterbium
35%
LuLutetium
18%
DsDarmstadtium
12%

Score Distribution

Percentile by Number Answered

Percent of People with Each Score

Your Score History

You have not taken this quiz